NEXT IN LINE / (Record no. 195105)
[ view plain ]
| 000 -LEADER | |
|---|---|
| fixed length control field | 02081nam a2200373 i 4500 |
| 003 - CONTROL NUMBER IDENTIFIER | |
| control field | OSt |
| 005 - DATE AND TIME OF LATEST TRANSACTION | |
| control field | 20240219110239.0 |
| 008 - FIXED-LENGTH DATA ELEMENTS--GENERAL INFORMATION | |
| fixed length control field | 240219t20232022enk gr 000 1 eng d |
| 020 ## - INTERNATIONAL STANDARD BOOK NUMBER | |
| International Standard Book Number | 9780008538811 |
| Terms of availability | RM 48.00 |
| Qualifying information | paperback |
| 040 ## - CATALOGING SOURCE | |
| Original cataloging agency | PPAK |
| Language of cataloging | eng |
| Transcribing agency | PPAK |
| Description conventions | rda |
| 082 04 - DEWEY DECIMAL CLASSIFICATION NUMBER | |
| Classification number | 823.914 |
| Edition number | 23 |
| 090 00 - LOCALLY ASSIGNED LC-TYPE CALL NUMBER (OCLC); LOCAL CALL NUMBER (RLIN) | |
| Classification number (OCLC) (R) ; Classification number, CALL (RLIN) (NR) | 823.914 |
| Feature heading | ARC |
| Feature heading | G |
| 100 1# - MAIN ENTRY--PERSONAL NAME | |
| Personal name | Archer, Jeffrey, |
| Dates associated with a name | 1940- |
| Relator term | author. |
| 245 10 - TITLE STATEMENT | |
| Title | NEXT IN LINE / |
| Statement of responsibility, etc. | Jeffrey Archer. |
| 264 #1 - PRODUCTION, PUBLICATION, DISTRIBUTION, MANUFACTURE, AND COPYRIGHT NOTICE | |
| Place of production, publication, distribution, manufacture | London : |
| Name of producer, publisher, distributor, manufacturer | HarperCollinsPublishers, |
| Date of production, publication, distribution, manufacture, or copyright notice | 2023 |
| Date of production, publication, distribution, manufacture, or copyright notice | ©2022 |
| 300 ## - PHYSICAL DESCRIPTION | |
| Extent | 378 pages ; |
| Dimensions | 18 cm |
| 336 ## - CONTENT TYPE | |
| Content type term | text |
| Source | rdacontent |
| 337 ## - MEDIA TYPE | |
| Media type term | unmediated |
| Source | rdamedia |
| 338 ## - CARRIER TYPE | |
| Carrier type term | volume |
| Source | rdacarrier |
| 490 0# - SERIES STATEMENT | |
| Series statement | Detective William Warwick. |
| 500 ## - GENERAL NOTE | |
| General note | "Only 48 hours to catch a killer…"--Cover. |
| 520 ## - SUMMARY, ETC. | |
| Summary, etc. | London, 1988. Royal fever sweeps the nation as Britain falls in love with the 'people's princess'. Which means for Scotland Yard, the focus is on the elite Royalty Protection Command, and its commanding officer. Entrusted with protecting the most famous family on earth, they quite simply have to be the best. A weak link could spell disaster. Detective Chief Inspector William Warwick and his Scotland Yard squad are sent in to investigate the team. Maverick ex-undercover operative Ross Hogan is charged with a very sensitive -- and unique -- responsibility. But it soon becomes clear the problems in Royalty Protection are just the beginning. A renegade organization has the security of the country -- and the <br/>Crown -- in its sights. The only question is which target is next in line... |
| 600 00 - SUBJECT ADDED ENTRY--PERSONAL NAME | |
| Personal name | Diana, |
| Titles and other words associated with a name | Princess of Wales, |
| Dates associated with a name | 1961-1997 |
| Form subdivision | Fiction. |
| Personal name | Warwick, William, |
| Titles and other words associated with a name | (Fictitious character) |
| Form subdivision | Fiction. |
| 650 #0 - SUBJECT ADDED ENTRY--TOPICAL TERM | |
| Topical term or geographic name entry element | Princesses |
| Form subdivision | Fiction. |
| Topical term or geographic name entry element | Private security services |
| Form subdivision | Fiction. |
| 651 #0 - SUBJECT ADDED ENTRY--GEOGRAPHIC NAME | |
| Geographic name | London (England) |
| General subdivision | Social conditions |
| Chronological subdivision | 20th century |
| Form subdivision | Fiction. |
| 655 #7 - INDEX TERM--GENRE/FORM | |
| Genre/form data or focus term | Detective and mystery fiction. |
| Source of term | lcgft |
| Genre/form data or focus term | Humorous fiction. |
| Source of term | lcgft |
| Genre/form data or focus term | Domestic fiction |
| Source of term | lcgft |
| 800 1# - SERIES ADDED ENTRY--PERSONAL NAME | |
| Personal name | Archer, Jeffrey, |
| Dates associated with a name | 1940- |
| Title of a work | William Warwick novels |
| 942 ## - ADDED ENTRY ELEMENTS (KOHA) | |
| Source of classification or shelving scheme | Dewey Decimal Classification |
| Koha item type | Book |
| Withdrawn | Not for loan | Current library | Shelving location | Date acquired | Total Checkouts | Full call number | Barcode | Date last seen | Date last checked out | Koha item type | Total Renewals |
|---|---|---|---|---|---|---|---|---|---|---|---|
| Perpustakaan Alor Setar | Pinjaman Dewasa | 27/02/2024 | 4 | 823.914 ARC | A01817918 | 16/06/2026 | 26/05/2026 | Book | |||
| Perpustakaan Awam Sungai Petani | Pinjaman Dewasa | 27/02/2024 | 3 | 823.914 ARC | A01817919 | 29/12/2024 | 11/12/2024 | Book | |||
| Perpustakaan Kulim | Pinjaman Dewasa | 27/02/2024 | 12 | 823.914 ARC | A01817921 | 23/08/2025 | 13/07/2025 | Book | 11 | ||
| Perpustakaan Langkawi | Pinjaman Dewasa | 27/02/2024 | 4 | 823.914 ARC | A01817920 | 24/12/2025 | 04/12/2025 | Book | |||
| Perpustakaan Merbok | Pinjaman Dewasa | 27/02/2024 | 823.914 ARC | A01817922 | 27/02/2024 | Book |